000 01482nam a2200325 c 4500
003 BLK
005 20240403165453.0
008 180412b bul|||||r ||||||| ||bul||
010 _aKNG00004325000
040 _aBLK
041 _aBUL
_cBUL
080 _aАмериканска литература (на САЩ)
_b821.111(73)
_x-32
_z821.111(73)-32
100 1 _aВонегът, Кърт
_eпърви автор
_9243619
700 1 _aВерих, Людмила Владимирова
_eпрев. от англ.
_gВерих-Шомова, Людмила Владимирова
_9363548
700 _aГерманов, Владимир Милчев
_d1958-
_9365098
139 _aВонегът, Кърт
_bВ 83
245 1 0 _aДобре дошли в маймунарника
_bСб. разкази
_cКърт Вонегът; прев. от англ. Людмила Владимирова Верих; прев. от англ. Владимир Милчев Германов.
257 _aUSA
260 София
_bВесела Люцканова
_c1994
_fВраца : Полипринт
300 _a287 с.
_c20 см
380 _aX
500 _aОриг. загл. Welcome to the Monkey House / Kurt Vonnegut. - 6 000 тир.
653 _aразкази
852 _aЦб 181593
856 4 _qpdf
_u
856 4 _qpdf
_u
942 _cKNG
_n0
_07
944 _aCR
_c15.01.2003
_lМинев Младен
_k30530
944 _aED
_c24.10.2016
_lф /
_kЛюдмила_Стоянова
999 _c3256
_d3256